000 00635nam a2200229Ia 4500
003 OSt
005 20221007105542.0
006 a|||||r|||| 00| 0
007 ta
008 221006b |||||||| |||| 00| 0 eng d
024 _a18,866
037 _cTextual
040 _aLCO
_cLCO
_beng
041 _2eng
_aeng
082 _aZ2,2,4qM82, M7
100 _aSubbarao G.C.V
_9632028
245 0 _aCommentaries on the Transfer of Property Act
260 _aMadras
_bC. Subbiah Chetty & Co, India
_c1987
650 _aPROPERTY
_9334647
942 _hZ2,2,4qM82, M7
_cTEXL
999 _c1188429
_d1188429